5HLuxD.jpg

KING HENRY VIII SENIOR AND PRIMARY SCHOOL LIBRARY OPAC

Daily Morning reading: (Record no. 3234)

000 -LEADER
fixed length control field 00338nam a22001457a 4500
005 - DATE AND TIME OF LATEST TRANSACTION
control field 20231108085444.0
008 - FIXED-LENGTH DATA ELEMENTS--GENERAL INFORMATION
fixed length control field 231108b ||||| |||| 00| 0 eng d
040 ## - CATALOGING SOURCE
Transcribing agency KH8
082 ## - DEWEY DECIMAL CLASSIFICATION NUMBER
Classification number 495.186
245 ## - TITLE STATEMENT
Title Daily Morning reading:
Remainder of title 54 articles /
300 ## - PHYSICAL DESCRIPTION
Extent 54pages,
Dimensions 30cm.
650 ## - SUBJECT ADDED ENTRY--TOPICAL TERM
Topical term or geographic name entry element chinese
650 ## - SUBJECT ADDED ENTRY--TOPICAL TERM
Topical term or geographic name entry element textbook
942 ## - ADDED ENTRY ELEMENTS (KOHA)
Source of classification or shelving scheme
Koha item type Teaching Resources
Holdings
Withdrawn status Lost status Source of classification or shelving scheme Damaged status Not for loan Collection code Permanent Location Current Location Shelving location Date acquired Full call number Barcode Date last seen Price effective from Koha item type
          Teaching Resources KH8 Primary School Library KH8 Primary School Library Staff Office 2023-11-08 495.186 TRKHPL000004349 2023-11-08 2023-11-08 Teaching Resources

Powered By KH8 IT Dept